Grades de l'Armée suisse - Statistiques

Statistiques générales
  • Ce quiz a été pris 80 fois
  • Le résultat moyen est 18 sur 24
Statistiques - réponses
Par images Réponse % Correct
Général (gén)
92%
Lieutenant (lt)
85%
Sergent (sgt)
85%
Soldat (sdt)
85%
Caporal (cpl)
81%
Major (maj)
81%
Colonel (col)
77%
Divisionnaire (div)
77%
Fourrier (four)
77%
Premier-lieutenant (plt)
77%
Sergent-chef (sgt chef)
77%
Sergent-major (sgtm)
77%
Brigadier (br)
73%
Capitaine (cap)
73%
Lieutenant-colonel (lt col)
73%
Sergent-major chef (sgtm chef)
73%
Adjudant-chef (adj chef)
69%
Appointé-chef (app chef)
69%
Commandant de corps (cdt C)
69%
Officier spécialiste (of spéc)
69%
Appointé (app)
65%
Adjudant d'état-major (adj EM)
62%
Adjudant sous-officier (adj sof)
58%
Adjudant-major (adj maj)
54%
Aucun quiz correspondant
Distribution des résultats
% des personnes avec chaque résultat
Percentile par nombre de réponses
Votre historique - résultats
Vous n’avez pas pris ce quiz